Оbŝofaktičeskoto značenie na nesv"ršen vid v segašno istoričesko vreme v b"lgarski ezik

Elmentve itt :
Bibliográfiai részletek
Szerző: Stoilova Žereva Мariâ
Dokumentumtípus: Cikk
Megjelent: 2005
Sorozat:Dissertationes slavicae. sectio linguistica 26
Kulcsszavak:Nyelvtudomány
Online Access:http://acta.bibl.u-szeged.hu/1409
LEADER 00690nab a2200181 i 4500
001 acta1409
005 20210310150000.0
008 161015s2005 hu o 0|| bul d
022 |a 0237-9554 
040 |a SZTE Egyetemi Kiadványok Repozitórium  |b hun 
041 |a bul 
100 2 |a Stoilova Žereva Мariâ 
245 1 0 |a Оbŝofaktičeskoto značenie na nesv"ršen vid v segašno istoričesko vreme v b"lgarski ezik  |h [elektronikus dokumentum] /  |c  Stoilova Žereva Мariâ 
260 |c 2005 
300 |a 29-33 
490 0 |a Dissertationes slavicae. sectio linguistica  |v 26 
695 |a Nyelvtudomány 
856 4 0 |u http://acta.bibl.u-szeged.hu/1409/1/dissert_slav_ling_026_029-033.pdf  |z Dokumentum-elérés